Times por Escudo - Premier League 24/25 - Statistics

Estatísticas Gerais
  • Esse quiz foi jogado 256 vezes
  • A pontuação média é 17 de 20
Estatísticas das Respostas
Imagem Resposta % Correto
Arsenal
94%
Liverpool
92%
Manchester City
92%
Aston Villa
91%
Chelsea
90%
Everton
90%
Manchester United
90%
West Ham
90%
Tottenham
89%
Newcastle
88%
Wolverhampton
86%
Crystal Palace
85%
Leicester
80%
Nottingham Forest
78%
Brighton
75%
Fulham
75%
Brentford
74%
Bournemouth
67%
Southampton
66%
Ipswich Town
57%
Nenhum quiz correspondente encontrado
Distribuição das Pontuações
Porcentagem de Pessoas com Cada Pontuação
Percentil de Números Respondidos
Sua Pontuação Histórica
Você não jogou esse quiz